Catálogo Biblioteca Central

Propuestas legislativas para mitigar los riesgos del uso de la inteligencia artificial en la instrucción penal (Registro nro. 232709)

Detalles MARC
000 -CABECERA
campo de control de longitud fija 00731naa a22001937a 4500
001 - NÚMERO DE CONTROL
campo de control 232709
003 - IDENTIFICADOR DEL NÚMERO DE CONTROL
campo de control ES-MaBCM
005 - FECHA Y HORA DE LA ÚLTIMA TRANSACCIÓN
campo de control 20260323115658.0
008 - CÓDIGOS DE INFORMACIÓN DE LONGITUD FIJA
campo de control de longitud fija 260320s2024 sp ||||| |||| 00| 0 spa d
040 ## - FUENTE DE LA CATALOGACIÓN
Centro transcriptor ES-MaBCM
100 ## - PUNTO DE ACCESO PRINCIPAL - NOMBRE DE PERSONA
Nombre de persona Rodríguez del Blanco, Alfredo
9 (RLIN) 131322
245 10 - MENCIÓN DE TÍTULO
Título Propuestas legislativas para mitigar los riesgos del uso de la inteligencia artificial en la instrucción penal
Mención de responsabilidad etc. Alfredo Rodríguez del Blanco
504 ## - NOTA DE BIBLIOGRAFÍA, ETC.
Nota de bibliografía etc. Bibliografía: p. 511-518
650 #7 - PUNTO DE ACCESO ADICIONAL DE MATERIA--TÉRMINO DE MATERIA
Término de materia o nombre geográfico como elemento inicial Inteligencia artificial
9 (RLIN) 60275
650 #7 - PUNTO DE ACCESO ADICIONAL DE MATERIA--TÉRMINO DE MATERIA
Término de materia o nombre geográfico como elemento inicial Sistema judicial
9 (RLIN) 57452
650 #7 - PUNTO DE ACCESO ADICIONAL DE MATERIA--TÉRMINO DE MATERIA
Término de materia o nombre geográfico como elemento inicial Derecho procesal civil
9 (RLIN) 58353
773 0# - ENLACE AL DOCUMENTO FUENTE
Lugar editor y fecha de publicación Barcelona
Parte(s) relacionada(s) N. 2 (2024), p. 401-518- Loc. S.155
Título Justicia : Revista de Derecho Procesal
Número de control del registro relacionado 104456
942 ## - ELEMENTOS DE PUNTO DE ACCESO ADICIONAL (KOHA)
Fuente del sistema de clasificación o colocación Universal Decimal Classification
Tipo de ítem Koha Artículos de revistas
Existencias
Estado de retiro Estado de pérdida Fuente del sistema de clasificación o colocación Estado dañado No para préstamo Localización permanente Ubicación/localización actual Ubicación en estantería Fecha de adquisición Total de préstamos Fecha visto por última vez Precio válido a partir de Tipo de ítem Koha
    Universal Decimal Classification     Biblioteca Central del Ministerio de la Presidencia Biblioteca Central del Ministerio de la Presidencia Sala 20/03/2026   20/03/2026 20/03/2026 Artículos de revistas